| 000 | 00433nam a2200181Ia 4500 | ||
|---|---|---|---|
| 001 | 19975 | ||
| 005 | 20260306172732.0 | ||
| 008 | 260306t2007||||xx |||||||||||||| ||spa|| | ||
| 041 | _aESP | ||
| 082 |
_a342.06 _bC22 |
||
| 100 |
_aCalderón Sumarriva, Ana _eAUT |
||
| 245 | 0 | _aEl abc del derecho administrativo | |
| 260 | _c2007 | ||
| 300 |
_a120 páginas : _ccm. |
||
| 650 | _aGEN | ||
| 654 | _aCDE | ||
| 942 |
_cLIB _dJUS _fJUS _2ddc _n |
||
| 999 |
_c19975 _d19975 |
||